000 01119nam a22002057a 4500
999 _c60053
_d60053
003 Ge_BSU
005 20230602100948.0
008 230602s2008 ge ||||| |||| 00| 0 geo d
020 _a9789941003509
041 _ageo
080 _a008(479.22)(09) მ-74
100 _aმიქაუტაძე, რუსუდან
_918407
245 _aქართული კულტურის ისტორიის მასალები :
_b(ტერმინები, შეკითხვები, ტესტები, მასალები შედარებითი ანალიზისათვის, ბიბლიოგრაფია) /
_cრუსუდან მიქაუტაძე ; [რედ. მ. ჭუმბურიძე].
264 _aქუთაისი,
_c2008.
300 _a146 გვ. ;
_b30 სმ.
504 _aბიბლიოგრ. მასალ. ბოლოში
653 _aქართული კულტურის ისტორია
700 _aჭუმბურიძე, მ.
_eრედაქტორი
_918408
942 _2udc
_cBK